Business Research Methods. (Record no. 32)

MARC details
005 - DATE AND TIME OF LATEST TRANSACTION
control field 20250607085629.0
020 ## - INTERNATIONAL STANDARD BOOK NUMBER
International Standard Book Number 0-03-035084-0
082 ## - DEWEY DECIMAL CLASSIFICATION NUMBER
Classification number 001.420 ZIK
100 ## - MAIN ENTRY--PERSONAL NAME
Author name ZIKMUND, W.G.
245 ## - TITLE STATEMENT
Title Business Research Methods.
250 ## - EDITION STATEMENT
Edition statement 7th Ed.
260 ## - PUBLICATION, DISTRIBUTION, ETC.
Place of publication, distribution, etc. Australia,
Name of publisher, distributor, etc. Thomson South-Western,
Date of publication, distribution, etc. 2003.
300 ## - PHYSICAL DESCRIPTION
Extent xix, 748p.: ill.; graphs, picture, table.
Other physical details Glossary & Index
Dimensions 26cm
856 ## - ELECTRONIC LOCATION AND ACCESS
Link text Access online book
Electronic name Business
Path http://www.thomsonrights.com
942 ## - ADDED ENTRY ELEMENTS (KOHA)
Source of classification or shelving scheme Dewey Decimal Classification
Koha item type Books
Holdings
Date last seen Total checkouts Full call number Barcode Cost, replacement price Price effective from Koha item type Lost status Source of classification or shelving scheme Damaged status Not for loan Withdrawn status Home library Current library Shelving location Date acquired Cost, normal purchase price
03/06/2025   001.420 ZIK 00000046 45000.00 03/05/2025 Books   Dewey Decimal Classification       College of Business Education Main Library College of Business Education Main Library Special Reserve Collection 04/13/2005 15000.00
03/06/2025   001.420 ZIK 00000047 45000.00 03/05/2025 Books   Dewey Decimal Classification       College of Business Education Main Library College of Business Education Main Library Special Reserve Collection 04/13/2005 15000.00
03/06/2025   001.420 ZIK 00000048 45000.00 03/05/2025 Books   Dewey Decimal Classification       College of Business Education Main Library College of Business Education Main Library Special Reserve Collection 04/13/2005 15000.00